Nitrate vulnerable zones (Record no. 70950)
[ view plain ]
| 000 -LEADER | |
|---|---|
| fixed length control field | 00926cam a2200205 4500 |
| 001 - CONTROL NUMBER | |
| control field | WB3830-23 |
| 008 - FIXED-LENGTH DATA ELEMENTS--GENERAL INFORMATION | |
| fixed length control field | 020814n2002 000 0 eng u |
| 035 ## - SYSTEM CONTROL NUMBER | |
| System control number | (Sirsi) u119330 |
| 245 ## - TITLE STATEMENT | |
| Title | Nitrate vulnerable zones |
| 260 ## - PUBLICATION, DISTRIBUTION, ETC. | |
| Date of publication, distribution, etc. | 2002 |
| 490 ## - SERIES STATEMENT | |
| Series statement | DEFRA News Release |
| Volume/sequential designation | (330/02) 13 August 2002, (1) |
| 520 ## - SUMMARY, ETC. | |
| Summary, etc. | A web based service is launched by DEFRA which gives farmers access to detailed maps of the Nitrate Vulnerable Zones. DEFRA will from September send out a comprehensive information pack to farmers likely to farm land in the NVZ's. For the service: http://www2.defra.gov.uk/environment/water/quality/nitrate/ For the DEFRA Helpline t 08459 335577 For the news release: http://www.defra.gov.uk/news/2002/020813a.htm |
| 590 ## - LOCAL NOTE (RLIN) | |
| Local note | WB |
| 650 ## - SUBJECT ADDED ENTRY--TOPICAL TERM | |
| Topical term or geographic name entry element | NITRATE VULNERABLE ZONES |
| 650 ## - SUBJECT ADDED ENTRY--TOPICAL TERM | |
| Topical term or geographic name entry element | NVZ |
| 650 ## - SUBJECT ADDED ENTRY--TOPICAL TERM | |
| Topical term or geographic name entry element | FARM WASTE GRANT SCHEME |
| 650 ## - SUBJECT ADDED ENTRY--TOPICAL TERM | |
| Topical term or geographic name entry element | DEFRA |
| 690 ## - LOCAL SUBJECT ADDED ENTRY--TOPICAL TERM (OCLC, RLIN) | |
| Topical term or geographic name as entry element | RURAL-AGRICULTURE AND FORESTRY |
| 942 ## - ADDED ENTRY ELEMENTS (KOHA) | |
| Suppress in OPAC | 0 |
| Withdrawn status | Lost status | Source of classification or shelving scheme | Damaged status | Not for loan | Home library | Current library | Shelving location | Date acquired | Total Checkouts | Full call number | Barcode | Date last seen | Copy number | Price effective from | Koha item type |
|---|---|---|---|---|---|---|---|---|---|---|---|---|---|---|---|
| Dewey Decimal Classification | London | London | News article | 14/08/2002 | WB3830-23 | 119330-1001 | 06/08/2019 | 1 | 06/08/2019 | News article |